WTA Top 100 - Statistics

General Stats
  • This quiz has been taken 4,711 times
    1,169 since last reset
  • The average score is 44 of 100
Answer Stats
# Hint Answer % Correct
9 Poland Iga Swiatek
94%
1 Australia Ashleigh Barty
93%
2 Belarus Aryna Sabalenka
91%
13 Japan Naomi Osaka
89%
10 Tunisia Ons Jabeur
88%
6 Greece Maria Sakkari
87%
3 Spain Garbine Muguruza
82%
20 Romania Simona Halep
81%
14 Kazakhstan Elena Rybakina
77%
15 Ukraine Elina Svitolina
77%
19 Great Britain Emma Raducanu
77%
4 Czech Republic Karolina Pliskova
77%
8 Spain Paula Badosa
77%
17 Czech Republic Petra Kvitova
77%
28 Latvia Jelena Ostapenko
76%
16 Germany Angelique Kerber
75%
23 Switzerland Belinda Bencic
75%
41 USA Serena Williams
75%
27 Belarus Viktoria Azarenka
74%
22 USA Cori Gauff
72%
7 Estonia Anett Kontaveit
70%
5 Czech Republic Barbora Krejcikova
69%
24 Canada Leylah Fernandez
65%
21 Belgium Elise Mertens
64%
47 USA Ann Li
62%
56 USA Madison Keys
62%
18 USA Jessica Pegula
61%
74 France Caroline Garcia
58%
65 USA Sloane Stephens
57%
12 USA Sofia Kenin
56%
46 Canada Bianca Andreescu
55%
26 Russia Daria Kasatkina
55%
29 USA Danielle Collins
50%
57 Poland Magda Linette
48%
60 China Shuai Zhang
48%
33 Italy Camila Giorgi
47%
79 China Saisai Zheng
46%
61 France Alize Cornet
45%
11 Russia Anastasia Pavlyuchenkova
43%
83 Brazil Beatriz Haddad Maia
43%
73 Estonia Kaia Kanepi
43%
32 Czech Republic Karolina Muchova
43%
45 Australia Ajla Tomljanovic
42%
68 Croatia Donna Vekic
42%
35 Czech Republic Marketa Vondrousova
41%
42 Kazakhstan Yulia Putintseva
41%
50 Ukraine Marta Kostyuk
40%
63 Egypt Mayar Sherif
40%
31 Russia Veronika Kudermetova
40%
44 Denmark Clara Tauson
38%
53 Italy Jasmine Paolini
38%
37 Switzerland Jil Teichmann
38%
39 Romania Sorana Cirstea
38%
62 Romania Irina-Camelia Begu
37%
55 Colombia Camila Osorio
36%
86 France Kristina Mladenovic
36%
54 Croatia Petra Martic
36%
49 Czech Republic Katerina Siniakova
35%
64 Netherlands Arantxa Rus
34%
96 Montenegro Danka Kovinic
34%
34 Russia Ekaterina Alexandrova
34%
43 Switzerland Viktorija Golubic
33%
78 USA Amanda Anisimova
32%
72 Great Britain Heather Watson
32%
36 Spain Sara Sorribes Tormo
32%
30 Slovenia Tamara Zidansek
30%
58 Belgium Alyson van Uytvanck
28%
70 Latvia Anastasija Sevastova
28%
99 Ukraine Dayana Yastremska
28%
38 Russia Liudmila Samsonova
28%
40 USA Shelby Rogers
27%
25 USA Jennifer Brady
25%
69 Russia Anastasia Potapova
24%
52 Ukraine Anhelina Kalinina
24%
88 Sweden Rebecca Peterson
24%
51 USA Alison Riske
23%
75 Germany Andrea Petkovic
23%
92 Hungary Anna Bondar
23%
100 Slovenia Kaja Juvan
23%
84 Argentina Nadia Podoroska
23%
90 Czech Republic Marie Bouzkova
22%
80 Belgium Greet Minnen
21%
87 Romania Elena-Gabriela Ruse
20%
67 Croatia Ana Konjuh
19%
66 Spain Nuria Parrizas Diaz
19%
59 USA Madison Brengle
18%
85 Slovakia Anna Karolina Schmiedlova
17%
94 USA Claire Liu
17%
48 Czech Republic Tereza Martincova
17%
93 USA Bernarda Pera
16%
89 USA Lauren Davis
16%
76 France Clara Burel
15%
71 Romania Jaqueline Cristian
15%
95 Hungary Panna Udvardy
15%
91 France Oceane Dodin
14%
82 Belgium Maryna Zanevska
12%
77 Russia Varvara Gracheva
12%
98 Australia Astra Sharma
11%
97 Slovakia Kristina Kucova
11%
81 Russia Vera Zvonareva
10%
No matching quizzes found
Score Distribution
Percent of People with Each Score
Percentile by Number Answered
Your Score History
You have not taken this quiz since the last reset